000
00209 a2200097 4500
001
40268
100
_a
245
_a
Thermodynamics
260
_a
Lahore
_b
W Pakistan Publications Co.
_c
090
_c
25029
_d
25029
942
_a
NUST-CAE
_c
_c
16702
999
_c
275341
_d
275341